33° rapporto sulla situazione sociale del Paese 1999 (Record n. 209519)

Dettagli MARC
000 -LEADER
campo di controllo lung. fissa 01294nam a2200229Ia 4500
001 - Numero di controllo
campo di controllo c165-29956
003 - Identificatore del numero di controllo
campo di controllo IT-MiCISF
005 - Data e orario dell'ultima transazione
campo di controllo 20250703114731.0
008 - Elementi di lunghezza fissa--Informazione generale
campo di controllo lung. fissa 161014s9999||||xx |||||||||||||| ||und||
040 ## - Fonte della catalogazione
Agenzia catalografica originale IT-MiCISF
Agenzia che fa la trascrizione IT-MiCISF
041 ## - Codice di lingua
Codice di lingua del testo/traccia sonora o titolo separato it
100 ## - Accesso principale -- nome di persona
Nome di persona Censis - con il patrocinio del CNEL
9 (RLIN) 62371
245 #0 - Formulazione del titolo
Titolo 33° rapporto sulla situazione sociale del Paese 1999
260 ## - Pubblicazione, distribuzione, ecc. (stampa)
Luogo di pubblicazione, distribuzione, ecc. Milano,
Nome dell'editore, distributore, ecc. Franco Angeli,
Data di pubblicazione, distribuzione, ecc. 1999
300 ## - Descrizione fisica
Estensione pp. XXIV, 653
500 ## - Nota generale
Nota generale / società, sociologia, economia, welfare, famiglia, donna, lavoro, politica, comunicazione, cultura, mass-media, tempo-libero, assistenza-sociale /
520 ## - Riassunto, ecc.
Nota di riassunto, ecc. La realtà italiana viene tratteggiata dal Rapporto annuale del Censis in tutte le sue diverse sfaccettature, con ricchezza di dati quantitativi e con una costante attenzione sia ai trend di lungo periodo, sia ai cambiamenti congiunturali di maggiore rilevanza. In particolare viene sollecitata specifica attenzione al contemporaneo percorso da un lato di omogeneizzazione e di integrazione dei sistemi culturali ed economici (operante a livello internazionale), dall'altro di frammentazione e atomizzazione dei comportamenti e degli interessi individuali e collettivi.
650 ## - Accesso aggiunto di soggetto--termine topico
Termine topico o nome geografico come accesso società
654 ## - Accesso aggiunto di soggetto--termini topici faccettati
Termine principale rapporto
942 ## - Dati aggiuntivi (Koha)
Tipo copia default (Koha) LIBRO
Fonte della classificazione o dello schema di collocazione (segnatura) Dewey Decimal Classification
999 ## - Sys Number locale (Koha)
Koha Dewey Subclass [OBSOLETE] si
Dati di copia
Ritirato (status) Perso (status) Danneggiato (status) Non per il presito Biblioteca proprietaria Biblioteca in cui si trova Data d'acquisizione Totale prestiti Collocazione Data ultima operazione Prezzo in vigore dal Tipo copia default (Koha) Nota pubblica
    Buone Condizioni Not For Loan CISF - Milano CISF - Milano 14/10/2016   c165-29956 14/10/2016 14/10/2016 LIBRO Data import 15.10.2016 / by Epidotti, Vaglietti
CREDITS: SOCIETA' SAN PAOLO Via A.Severo, 58 - ROMA (RM) & PERIODICI SAN PAOLO SRL Via Giotto, 36 MILANO & CISF Via Giotto, 36 MILANO & EDIZIONI SAN PAOLO SRL,  Piazza Soncino, 5 CINISELLO BALSAMO (MI) -- ITALY